| 000 | 00439nam a2200169Ia 4500 | ||
|---|---|---|---|
| 003 | GCL | ||
| 008 | 140319s9999 xx 000 0 eng d | ||
| 040 |
_aGCL / _cGCL |
||
| 082 | 0 | 4 |
_a621.389334 _bE N |
| 100 | 1 | _aEVEREST, ALTON | |
| 245 | 1 | 0 |
_aTHEnew stereo soundbook / _cEVEREST, ALTON |
| 700 | 1 | _aSTREICHER, RON | |
| 260 |
_a[S.N] : _bTAB BOOKS ، _c1992 |
||
| 300 | _a283 P | ||
| 650 | 0 | 4 | _aSTEREOPHONIC SOUND SYSTEM |
| 942 |
_2ddc _cBK |
||
| 999 |
_c21124 _d21124 |
||